1989 1096 1066 1831 1066 1635 1656 1750 1885 1299 1670 1831 1863 1030 1166 1127 1435 1263 1475 1849 1158 1149 1771 1429 1624 1790 1317 1318 1912 1361 1780 1233 1713 1717 1590 1729 1049 1563 1778 1475 1722 1696 1886 1218 1362 1875 1067 1357 1605 1968 1640 1944 1576 1508 1500 1756 1248 1260 1465 1931 1057 1969 1914 1906 1400 1713 1570 1729 1164 1498 1219 1886 1705 1601 1623 1998 1336 1806 1293 1768 1583 1733 1138 1297 1698 1967 1049 1384 1998 1926 1517 1301 1891 1103 1817 1877 1352 1553 1070 BCNSPRNW ULIB Ver.6.0+V

เปลี่ยนเป็นภาษาไทย

Change to English
 แสดงรายละเอียดบรรณานุกรม
  กลับหน้าหลัก

Brief Record : Get Marc (ISO 2709) : E-mail record : QR code < ปิดหน้าต่าง
LEADER : 00000nam 2200000uu 4500
001    13399120012
003     ULIB
008    120822s2555||||th 000 0 tha d
020    9789746522434
060  4 WS100^bพ864
245 04 พื้นฐานกุมารเวชศาสตร์^cอัจฉรา ตั้งสถาพรพงษ์, พรรณพัชร พิริยะนนท์, ศริยา ประจักษ์ธรรม และทิพวรรณ หรรษคุณาชัย
260    กรุงเทพฯ:^bไอกรุ๊ปเพรส,^c2555
300    406 หน้า:^bภาพประกอบ,^c21 cm
650  1 กุมารเวชศาสตร์
700 0  พรรณพัชร พิริยะนนท์
700 0  ศริยา ประจักษ์ธรรม
700 0  ทิพวรรณ หรรษคุณาชัย
945    ^p350^l0^i032458
945    ^p350^l0^i032459
945    ^p350^l0^i032460
945    ^p350^l0^i032461
945    ^p350^l0^i032462
945    ^p350^l0^i032463
945    ^p350^l0^i032464
995    เกษร
999    ^aใช้งานได้ทุกระบบ
รายการนี้ยังไม่มีแท็ก
คุณยังไม่ได้ล็อกอิน คุณสามารถมีกิจกรรมร่วมกับเว็บไซต์ได้ แต่ต้องล็อกอินก่อน ::
  ล็อกอิน

รายการสื่อสารสนเทศ

ลำดับที่ ประเภท เลขเรียก/บาร์โค้ด สถานที่ สถานะ
1. วิทยาศาสตร์การแพทย์ และสุขภาพ
หนังสือสำรอง
สถานะ=หนังสือสำรอง
WS100 พ864 ฉ.1 
  Barcode: 032458
ห้องสมุดวิทยาเขตสวรรค์ประชารักษ์
►ส่วนจัดเก็บหนังสือเก่า สปร
บนชั้น
  ขอยืม
2. วิทยาศาสตร์การแพทย์ และสุขภาพ
วิทยาศาสตร์การแพทย์ และสุขภาพ
WS100 พ864 ฉ.3 
  Barcode: 032460
ห้องสมุดวิทยาเขตสวรรค์ประชารักษ์
►ส่วนจัดเก็บหนังสือเก่า สปร
บนชั้น
  ขอยืม
3. วิทยาศาสตร์การแพทย์ และสุขภาพ
วิทยาศาสตร์การแพทย์ และสุขภาพ
WS100 พ864 ฉ.4 
  Barcode: 032461
ห้องสมุดวิทยาเขตสวรรค์ประชารักษ์
►ส่วนจัดเก็บหนังสือเก่า สปร
บนชั้น
  ขอยืม
4. วิทยาศาสตร์การแพทย์ และสุขภาพ
วิทยาศาสตร์การแพทย์ และสุขภาพ
WS100 พ864 ฉ.5 
  Barcode: 032462
ห้องสมุดวิทยาเขตสวรรค์ประชารักษ์
►ส่วนจัดเก็บหนังสือเก่า สปร
บนชั้น
  ขอยืม
5. วิทยาศาสตร์การแพทย์ และสุขภาพ
วิทยาศาสตร์การแพทย์ และสุขภาพ
WS100 พ864 ฉ.6 
  Barcode: 032463
ห้องสมุดวิทยาเขตสวรรค์ประชารักษ์
►ส่วนจัดเก็บหนังสือเก่า สปร
บนชั้น
  ขอยืม
6. วิทยาศาสตร์การแพทย์ และสุขภาพ
วิทยาศาสตร์การแพทย์ และสุขภาพ
WS100 พ864 ฉ.7 
  Barcode: 032464
ห้องสมุดวิทยาเขตสวรรค์ประชารักษ์
►ส่วนจัดเก็บหนังสือเก่า สปร
บนชั้น
  ขอยืม

รายการใกล้เคียง
    หัวเรื่อง [กุมารเวชศาสตร์]

BibComment


ยังไม่เคยถูกคอมเมนท์

คอมเมนท์ทรัพยากรรายการนี้
  คอมเมนท์: พื้นฐานกุมารเวชศา..


 Copyright 2026. Bcnsprnw @Library